| 000 | 02187cam a22003014a 4500 | ||
|---|---|---|---|
| 001 | 15466382 | ||
| 003 | OSt | ||
| 005 | 20180117085943.0 | ||
| 008 | 080926s2009 enk 000 0 eng | ||
| 010 | _a 2008042324 | ||
| 020 | _a9780415492348 (hbk) | ||
| 020 | _a9780415492355 (pbk) | ||
| 020 | _a9780203879887 (ebook) | ||
| 040 |
_aDLC _cDLC _dDLC |
||
| 050 | 0 | 0 |
_aJF1351 _b.L374 2009 |
| 082 | 0 | 0 |
_a351 _222 |
| 100 | 1 | _aLane, Jan-Erik. | |
| 245 | 1 | 0 |
_aState management : _ban enquiry into models of public administration / _cJan-Erik Lane. |
| 260 |
_aLondon ; _aNew York, NY : _bRoutledge, _c2009. |
||
| 300 |
_aviii, 183 p. ; _c23 cm. |
||
| 505 | 0 | _aIs public management different from private sector management? -- Formal organisation models : the relevance of informal organisation -- Asymmetric information models : the principal-agent perspective -- Policy models : how rational is public management? -- Implementation models : bringing outcomes into public management and policy -- Independent agencies : maximising efficiency? -- Policy network models : the virtues and vices of public-private partnerships -- Marketization models : how much buying and selling in government? -- Incorporation as a strategy : transforming the public enterprises -- Principals and agents : public regulation -- Multi-level governance : bringing in the two regional dimensions -- Politics and jurisprudence : law and the state -- Ecology and policy : how to combine? -- The developmental state : from the third world to the first world -- The comparative challenge : are there different state models? -- Public management as the encompassing framework for state management. | |
| 650 | 0 | _aPublic administration. | |
| 906 |
_a7 _bcbc _corignew _d1 _eecip _f20 _gy-gencatlg |
||
| 942 |
_2ddc _cBK |
||
| 999 |
_c2536 _d2536 |
||